| 000 | 00827nam a22002297a 4500 | ||
|---|---|---|---|
| 005 | 20111227104615.0 | ||
| 008 | 111227t xxu||||| |||| 00| 0 eng d | ||
| 010 | _aENG-104524 | ||
| 020 |
_a9788184504217 _c780.00 |
||
| 035 | _aEN-88057 | ||
| 037 | _bDBAD/PUB | ||
| 040 |
_aDPL _bEng |
||
| 100 |
_937371 _aKaushal, Vijay Kumar |
||
| 245 | 0 | 0 |
_aTrade in Himachal region of Himalayas / _cby Vijay Kumar Kaushal [and] Kunal Sharma |
| 260 |
_aNew Delhi _bDeep & Deep Publications _c2012 |
||
| 270 |
_aF-159, Rajouri Garden, _bNew Delhi _e110027 |
||
| 300 |
_axiv,165p. _c22cm (Hb) |
||
| 500 | _aIncludes bibliographical references and index | ||
| 700 |
_aSharma, Kunal _937635 |
||
| 942 |
_2ddc _cEN _mKAU |
||
| 999 |
_c60008 _d60008 |
||